00323nam a2200133Ia 4500008004100000020001500041041001200056082001600068100001500084245003200099260003800131300000800169650001200177221030s9999 xx 000 0 und d a0070435391 aEnglish a105.23bTar aTara Chand 0aGeneral Studies Manual 2001 bMcGraw Hill Pub.aNew Delhic2001 a111 aGeneral